Statistics for MUSICIANS BY SONGS #2

Click here to take the quiz!

General Stats

  • This quiz has been taken 119 times
  • The average score is 11 of 25

Answer Stats

HintAnswer% Correct
Californication, Give it AwayRed Hot Chili Peppers
80%
Start Me Up, Paint it BlackThe Rolling Stones
80%
Come As You Are, Heart Shaped BoxNirvana
74%
The Scientist, YellowColdplay
72%
Iron Man, ParanoidBlack Sabbath
66%
Sunday Bloody Sunday, VertigoU2
66%
Mr. Brightside, When You Were YoungThe Killers
63%
Radio Nowhere, Born to RunBruce Springsteen
60%
Kokomo, Wouldn't it be NiceBeach Boys
59%
Sabotage, Fight for your RightBeastie Boys
55%
Rhiannon, The ChainFleetwood Mac
53%
Sex Machine, Living in AmericaJames Brown
48%
Chantilly Lace, Great Balls of FireJerry Lee Lewis
48%
Try a Little Tenderness, The Dock of the BayOtis Redding
48%
Baracuda, Crazy on YouHeart
46%
Beth, Detroit Rock CityKiss
46%
Sheena is a Punk Rocker, I Wanna be SedatedThe Ramones
41%
Highway Star, HushDeep Purple
27%
Mercy Mercy Me, How Sweet it IsMarvin Gaye
23%
Good Bye Earl, Not Ready to Make NiceDixie Chicks
17%
Short Skirt Long Jacket, Love You MadlyCake
14%
Mama Tried, Okie from MuskogeeMerle Haggard
13%
Do You Realize?, The Yeah Yeah Yeah SongThe Flaming Lips
10%
Give Up the Grudge, Oh! EllinGob
3%
Take Back the Power, FamilyThe Interrupters
3%

Score Distribution

Percentile by Number Answered

Percent of People with Each Score

Your Score History

You have not taken this quiz